| 000 | 00747nam a2200289Ia 4500 | ||
|---|---|---|---|
| 005 | 20260324150702.0 | ||
| 008 | 008 260324s9999 xx 000 0 eng d | ||
| 020 | _a9781003348887 | ||
| 037 | _aEBOOK | ||
| 040 | _aCRL | ||
| 040 | _beng | ||
| 040 | _cCRL | ||
| 041 | _2eng | ||
| 041 | _aeng | ||
| 084 | _qCRL | ||
| 100 |
_aJoseph Goldstein _91227261 |
||
| 245 | 4 | _aThe Government of British Trade Unions | |
| 245 | 2 | _bA Study of Apathy and the Democratic Process in the Transport and General Workers Union | |
| 260 | _bTaylor and Francis | ||
| 260 | _c1952 | ||
| 365 | _a | ||
| 365 | _b180 | ||
| 856 | _uhttp://www.taylorfrancis.com/books/9781003348887 | ||
| 942 | _cEBOOK | ||
| 999 |
_c1837163 _d1837163 |
||